Statistics for NBA Big Three

Click here to take the quiz!

General Stats

  • This quiz has been taken 13,198 times
    (13,183 since last reset)
  • The average score is 26 of 30

Answer Stats

Team Years Player % Correct
Miami Heat2010-2014LeBron James
98%
Oklahoma City Thunder2009-2012Kevin Durant
97%
Oklahoma City Thunder2009-2012Russell Westbrook
97%
Miami Heat2010-2014Dwyane Wade
97%
Golden State Warriors2012-Stephen Curry
97%
Cleveland Cavaliers2014-2017Kyrie Irving
96%
Miami Heat2010-2014Chris Bosh
96%
Chicago Bulls1996-1998Michael Jordan
96%
Golden State Warriors2012-Klay Thompson
96%
Golden State Warriors2012-Draymond Green
95%
Cleveland Cavaliers2014-2017Kevin Love
95%
Chicago Bulls1996-1998Scottie Pippen
94%
San Antonio Spurs2003-2016Tim Duncan
94%
San Antonio Spurs2003-2016Tony Parker
93%
Oklahoma City Thunder2009-2012James Harden
92%
Boston Celtics2007-2012Kevin Garnett
92%
Boston Celtics2007-2012Paul Pierce
91%
Boston Celtics1980-1992Larry Bird
90%
Los Angeles Lakers1982-1989Magic Johnson
89%
Chicago Bulls1996-1998Dennis Rodman
89%
Boston Celtics2007-2012Ray Allen
88%
San Antonio Spurs2003-2016Manu Ginobili
88%
Houston Rockets1996-1998Hakeem Olajuwon
83%
Los Angeles Lakers1982-1989Kareem Abdul-Jabbar
79%
Boston Celtics1980-1992Kevin McHale
66%
Los Angeles Lakers1982-1989James Worthy
59%
Boston Celtics1980-1992Robert Parish
51%
Houston Rockets1996-1998Clyde Drexler
48%
Houston Rockets1996-1998Charles Barkley
39%

Score Distribution

Percentile by Number Answered

Percent of People with Each Score

Your Score History

You have not taken this quiz since the last reset